Three Letter Words in Country Names #1 - Statistics

General Stats
  • This quiz has been taken 668 times
  • The average score is 8 of 21
Answer Stats
Word Country % Correct
WAY Norway
72%
ANY Germany
71%
KEY Turkey
67%
ALT Malta
65%
ARK Denmark
63%
WED Sweden
51%
BOD Cambodia
50%
LAY Malaysia
50%
LAW Malawi
41%
ACE North Macedonia
39%
LIP Philippines
39%
RUG Uruguay
39%
APE Cape Verde
36%
HUT Bhutan
35%
OAT Croatia
30%
BAD Barbados
22%
RIB Kiribati
15%
HAM Bahamas
14%
OUR Luxembourg
14%
LAD Bangladesh
12%
EGO Bosnia and Herzegovina
6%
No matching quizzes found
Score Distribution
Percent of People with Each Score
Percentile by Number Answered
Your Score History
You have not taken this quiz